000 00561nam a22001937a 4500
003 NUST
005 20230126153018.0
008 190705b ||||| |||| 00| 0 eng d
038 _aMr.Atta
082 _a530
100 _aKalsoom, Azra
_916817
245 _aStudy of Ordinary Waves in Different Plasma Environments
_cAzra Kalsoom
260 _aIslamabad :
_bSNS - NUST,
_c2016.
300 _avii, 58 p. ; ill. ;
_c30cm.
500 _aHardcover.
650 _aPhysics - M.Phil Thesis
_916472
700 _aDr. Muddasir Ali Shah
_916811
942 _2ddc
_cTHE
999 _c525871
_d525871